00468nam a2200121Ia 4500008004100000020001800041100002000059245008800079260003900167650001400206650007600220856005000296171212s9999 xx 000 0 und d a9781922064349 aBulbeck, Chilla cBulbeck, ChillaaImagining the FuturebYoung Australians on sex, love and community bUniversity of Adelaide Pressc2012 aSociology aYouth -- Australia -- Attitudes; Youth -- Australia -- Sexual behaviour uhttp://jstor.org/stable/10.20851/j.ctt1sq5wdp